000 00735nam a22002657a 4500
001 BR7400041
003 BR-BrBNA
005 20230928084454.0
007 ta
008 230509b bl.||||| |||| 00| 0 por d
040 _aBR-BrBNA
_bpor
_cBiblioteca Nacional de Agricultura
041 _a(Por)
072 _aF25
_b2120
090 _ 2120 BR7400041
100 1 _aMalavolta, E.
100 1 _aGomes, F.P.
100 1 _aCoury, T.
245 1 _aEstudos sobre a alimentacao mineral do cafeeiro (Coffea arabica L., variedade Bourbon vermelho)
_bI. Resultados preliminares
260 3 _a[np](Brasil):
_c1958.
300 _a11 p.
650 _aCAFE
650 _aFERTILIZANTE
909 _a202309
_bLucia
_c55
_dLucia Elande
942 _cBK
999 _c19187
_d19187